000 01054nam a2200301Ia 4500
005 20220317000236.0
008 141031s2014 c 0 0 gpa d0f s
020 _a9789587055757
100 1 _aGripe, María
_d1923-2007
245 1 4 _aLos escarabajos vuelan al atardecer
_cMaría Gripe ; traducción Marta Ruíz Corbella
250 _aPrimera edición., cuarta reimpresión
300 _a310 páginas
_c25 cm.
490 _aGran angular
_v31
534 _tTordyveln flyger i skymmingen
586 _aPremio Hans Christian Andersen, 1974
650 1 4 _2LEMB
_aNovela juvenil sueca
_ySiglo XX
650 1 4 _2LEMB
_aLiteratura juvenil sueca
_ySiglo XX
650 1 4 _2LEMB
_aMisterio en la literatura
650 1 4 _2LEMB
_aIntriga en la literatura
700 1 _aRuíz Corbella, Marta
_etraductor
_9101610
942 _2loc
_cBKLIT
264 _aBogotá
_bEdiciones SM
_c2014
336 _atexto
_btxt
_2rdacontent
337 _asin mediación
_bn
_2rdamedia
338 _avolumen
_bnc
_2rdacarrier
040 _aCO-BoRNBP
_bspa
_erda
_cCO-BoRNBP
084 _aN GRI2
999 _c3498
_d3498